Англия в памфлете: Английская публицистическая проза начала XVIII века : Пер. с англ.

Chi tiết về thư mục
Tác giả khác: Шайтанов И. О. (составитель)
Ngôn ngữ:Tiếng Nga
Được phát hành: Москва, Прогресс, 1987
Những chủ đề:
Định dạng: Sách
KOHA link:https://koha.lib.tpu.ru/cgi-bin/koha/opac-detail.pl?biblionumber=124467

MARC

LEADER 00000nam0a2200000 4500
001 124467
005 20231031130931.0
020 |a RU  |b 88-5557 
035 |a (RuTPU)RU\TPU\book\134700 
090 |a 124467 
100 |a 20071101d1987 m y0rusy5003 ca 
101 1 |a rus  |c eng 
102 |a RU 
105 |a a z 000ay 
200 1 |a Англия в памфлете  |e Английская публицистическая проза начала XVIII века : Пер. с англ.  |f сост., авт. предисл. и коммент. И. О. Шайтанов 
210 |a Москва  |c Прогресс  |d 1987 
215 |a 528 с.  |c ил.  |d 21 см 
327 1 |a Содерж.: Авт.: Д. Аддисон, Р. Стил, Д. Арбетнот, Д. Дефо, А. Поуп, Д. Свифт 
610 1 |a английская литература 
610 1 |a публицистика 
610 1 |a 18 век 
610 1 |a сборники 
675 |a 82  |z rus 
702 1 |a Шайтанов  |b И. О.  |4 220 
801 0 |a RU  |b RuMRKP  |c 19950417  |g psbo 
801 1 |a RU  |b 63413507  |c 20071101  |g PSBO 
801 2 |a RU  |b 63413507  |c 20071101  |g PSBO 
942 |c BK